000 01072cam a22002415a 4500
001 L138054
008 070514e2007 xxk f 100 0 eng d
035 _a(Sirsi) u138054
041 0 _aeng
100 1 _aYip, Brenda
245 0 0 _aBurnout among future construction professionals in Hong Kong
_h[electronic resource]
260 _c2005
490 0 _aCOBRA
_v2005
520 _aDiscusses burnout and its negative ramifications on individuals' well-being and performance among construction undergraduates in Hong Kong. Reports that emotional exhaustion, cynicism and personal efficacy were identified as the factorial structure of burnout.
651 4 _aHONG KONG
690 _aConstruction management
_96230
700 1 _aRowlinson, Steve
700 1 _aKvan, Thomas
700 1 _aLingard, Helen
711 2 _aConstruction and Building Research Conference
_n10th
_cUniversity of Queensland, Brisbane
_d4-5 July 2005
856 4 0 _uhttps://www.rics.org/site/scripts/download_info.aspx?downloadID=2566
_zView the item free of charge at www.rics.org...
942 _n0
999 _c106988
_d106988